US Capitals That Are Also The Largest City - Statistics

General Stats
  • This quiz has been taken 48 times
  • The average score is 14 of 17
Answer Stats
Population Capital City % Correct
472,522 Atlanta
98%
673,184 Boston
98%
1,615,017 Phoenix
91%
223,154 Boise
89%
693,060 Denver
89%
638,367 Oklahoma City
89%
860,090 Columbus
86%
660,388 Nashville
86%
215,472 Des Moines
82%
855,164 Indianapolis
82%
193,744 Salt Lake City
82%
169,148 Jackson
75%
59,466 Cheyenne
73%
351,792 Honolulu
73%
198,541 Little Rock
68%
179,219 Providence
68%
50,821 Charleston
66%
No matching quizzes found
Score Distribution
Percent of People with Each Score
Percentile by Number Answered
Your Score History
You have not taken this quiz